00892nam a2200193 a 450000500170000000800410001702000180005805000220007610000230009824500710012126000820019230000210027444000370029550000810033252002270041352100090064065000270064970000220067620140310183404.0121011s19uu xx 00 eng d a9781422179758 aHD 66b.K382 2008 aKatzenbach, Jon R. aThe discipline of teams /cJon R. Katzenbach and Douglas K. Smith. aBoston, Mass. ; London :bHarvard Business School Press ; McGraw-Hill,c2008. a61 p. :c18 cm.  aHarvard business review classics a"Originally published in Harvard business review in March 1993"--T.p. verso. aThe authors explore the counter-intuitive features that make up high-performing teams such as selecting team members for skill, not compatibility, and explain how managers can set specific goals to foster team development. aBSBA aTeams in the workplace aSmith, Douglas K.